LEADER 02244nam 2200589 450 001 9910466926503321 005 20200520144314.0 010 $a0-8165-3224-9 035 $a(CKB)3790000000033283 035 $a(EBL)3440642 035 $a(SSID)ssj0001545643 035 $a(PQKBManifestationID)16136202 035 $a(PQKBTitleCode)TC0001545643 035 $a(PQKBWorkID)14438067 035 $a(PQKB)11715511 035 $a(MiAaPQ)EBC3440642 035 $a(OCoLC)916580576 035 $a(MdBmJHUP)muse46142 035 $a(Au-PeEL)EBL3440642 035 $a(CaPaEBR)ebr11085871 035 $a(CaONFJC)MIL821231 035 $a(EXLCZ)993790000000033283 100 $a20150822h20152015 uy 0 101 0 $aeng 135 $aurunu---uuuuu 181 $ctxt 182 $cc 183 $acr 200 10$aCapturing the landscape of New Spain $eBaltasar Obrego?n and the 1564 Ibarra Expedition /$fRebecca A. Carte 210 1$aTuczon, [Arizona] :$cThe University of Arizona Press,$d2015. 210 4$d©2015 215 $a1 online resource (180 p.) 225 1 $aSouthwest Center Series 300 $aDescription based upon print version of record. 311 1 $a0-8165-3142-0 320 $aIncludes bibliographical references and index. 327 $aIntroduction -- Taking place -- "Lo que hay en esta tierra" -- Multiple landscapes, multiple frontiers -- (Re)producing social space and textualscapes -- Conclusion. 330 $a"This monograph sheds new light on Spanish exploration and expansion in the regions of present-day Durango, Sonora, Chihuahua, Arizona, and New Mexico in the sixteenth century by providing a detailed analysis of an important yet woefully understudied text"--Provided by publisher. 410 0$aSouthwest Center series. 606 $aLandscapes in literature 607 $aMexico$xDescription and travel 607 $aNew Spain$xDiscovery and exploration 608 $aElectronic books. 615 0$aLandscapes in literature. 676 $a972/.02 700 $aCarte$b Rebecca A.$0970180 801 0$bMiAaPQ 801 1$bMiAaPQ 801 2$bMiAaPQ 912 $a9910466926503321 996 $aCapturing the landscape of New Spain$92205178 997 $aUNINA LEADER 01213nam a2200301 i 4500 001 991004077239707536 008 030320s1991 it a 000 0 ita d 020 $a887514463X 035 $ab11907812-39ule_inst 040 $aBiblioteca Interfacoltà$bita 041 $aita 082 $a914.57504 245 10$aViaggiatori in Puglia :$bdalle origini alla fine dell'Ottocento : antologia /$c[a cura di] Marialuisa Herrmann, Angelo Semeraro, Raffaele Semeraro 250 $aNuova ed. riveduta e integrata con profili biografici. 260 $aFasano :$bSchena,$c1991$g(stampa 2000) 300 $a484 p. :$bill. ;$c22 cm. 490 0 $aBiblioteca della ricerca. 5., Puglia europea / diretta da Giovanni Dotoli$v12 651 4$aPuglia$xDescrizione e viaggi 700 1 $aDotoli, Giovanni 700 1 $aHerrmann, Marialuisa 700 1 $aSemeraro, Angelo 700 1 $aSemeraro, Raffaele 907 $a.b11907812$b28-04-17$c20-03-03 912 $a991004077239707536 945 $aLE002 St. XXVI D 5 $g1$i2002000150875 $lle002$o-$pE0.00$q-$rl$s- $t0$u3$v0$w3$x0$y.i12173034$z20-03-03 996 $aViaggiatori in Puglia$9914118 997 $aUNISALENTO 998 $ale002$b20-03-03$cm$da $e-$fita$git $h0$i1